000 00354pab a2200157 454500
008 180718b1999 xxu||||| |||| 00| 0 eng d
100 _aPathak, D.C.
245 _aRoots of escalation
260 _c1999
300 _ap.9
362 _a25 Jun
650 _aInternational relations
650 _aKargil conflict
773 _aPioneer
909 _a42304
999 _c42304
_d42304